War in Afghanistan combatants - Statistics

General Stats
  • This quiz has been taken 284 times
  • The average score is 8 of 13
Answer Stats
Answer % Correct
United States of America
96%
United Kingdom
93%
France
86%
Germany
83%
Canada
77%
Italy
70%
Afghanistan
65%
Australia
64%
Taliban
59%
Turkey
54%
ISIS
38%
Al-Qaeda
35%
Islamic Emirate of Afghanistan
4%
No matching quizzes found
Score Distribution
Percent of People with Each Score
Percentile by Number Answered
Your Score History
You have not taken this quiz